header

The Greek theatre and festivals (Record no. 130146)

MARC details
000 -LEADER
fixed length control field 02526nam a2200349 a 4500
082 04 - DEWEY DECIMAL CLASSIFICATION NUMBER
Classification number 792.0938
245 04 - TITLE STATEMENT
Title The Greek theatre and festivals
260 ## - PUBLICATION, DISTRIBUTION, ETC. (IMPRINT)
Place of publication Oxford ;
-- New York :
Name of publisher Oxford University Press,
Year of publication 2007.
300 ## - PHYSICAL DESCRIPTION
Number of Pages xviii, 431 p. :
Other physical details ill., map.
490 1# - SERIES STATEMENT
Series statement Oxford studies in ancient documents
505 0# - FORMATTED CONTENTS NOTE
Formatted contents note Deconstructing festivals / William Slater -- Theatre rituals / Angelos Chaniotis -- The organisation of music contests in the Hellenistic period and artists' participation : an attempt at classification / Sophia Aneziri -- The men who built the theatres : theatropolai, theatronai, and arkhitektones / Eric Csapo ; with an archaeological appendix by Hans Rupprecht Goette -- Choregic monuments and the Athenian democracy / Hans Rupprecht Goette -- Performance in the Pythion : the Athenian Thargelia / Peter Wilson -- Dithyramb, tragedy, and Cyrene / Paola Ceccarelli and Silvia Milanezi -- A horse from Teos : epigraphical notes on the Ionian-Hellespontine Association of Dionysiac Artists / John Ma -- Kraton, son of Zotichos : artists' associations and monarchic power in the Hellenistic period / Brigitte Le Guen -- Theoria and theatre at Samothrace : the Dardanos by Dymas of Iasos / Ian Rutherford -- The Dionysia at Iasos : its artists, patrons, and audience / Charles Crowther -- An opisthographic lead tablet from Sicily with a financial document and a curse concerning choregoi / David Jordan -- Sicilian choruses / Peter Wilson.
650 #0 - SUBJECT ADDED ENTRY--TOPICAL TERM
Topical Term Theater
Topical Term Festivals
700 1# - ADDED ENTRY--PERSONAL NAME
Personal name Wilson, Peter,
856 40 - ELECTRONIC LOCATION AND ACCESS
Uniform Resource Identifier http://site.ebrary.com/lib/rucke/Doc?id=10218543

No items available.

© 2026 Rongo University
Contact us: librarian | system librarian | Rongo university